000 00476nam a22001817a 4500
005 20130903145447.0
010 _aENG-108364
020 _c250.00
_a9789382616054
035 _aEN-91897
037 _bDBAD/PUB
082 _aS
100 _aRupa Gulab
245 _aI kissed a frog /
_cby Rupa Gulab
260 _aGurgaon
_bMacmillan
_c2013
270 _a3A, 4th Floor, DLF Corporate Park,
_bGurgaon
_e122002
300 _aviii,222p.
_c20cm(pbk)
942 _2ddc
_cEN
_mRUP
_hS
999 _c78794
_d78794